00658nam a2200193 i 4500001000700000003000900007005001700016007000300033008004100036020001800077080002500095245010400120260004700224300003000271500004300301650004700344655004000391852003300431128260ES-MaACL20230906193220.0t|070627s1989 fr ||||1| fre d a2-86723-043-8 a75.035(460)(083.824)04aLes élèves espagnols de David b: [exposición] Musée Goya, Castres, 24 juin-31 août 1989. aSaint-Sébastien : bACL-CROCUS, c[1989] a132 p. : bil. ; c26 cm. aBiblioteca Jacinto Martínez Lacalle. 4aPintura española-yS.XIX-vExposiciones. 72tgfbneaCatálogos de exposiciones aES-MaACLjE-11768 bR.139773